[Event "Pardubice Czech op-C 30th"]
[Site "Pardubice"]
[Date "2019.07.23"]
[Round "5"]
[White "Zurkowski, Andrzej"]
[Black "Tesar, Patrik"]
[Result "0-1"]
[WhiteElo "2065"]
[BlackElo "2022"]
[PlyCount "105"]
[EventDate "2019.07.20"]
[EventType "swiss"]
[EventRounds "9"]
[EventCountry "CZE"]
[SourceTitle "EXT 2020"]
[Source "ChessBase"]
[SourceDate "2019.10.17"]
[SourceVersion "1"]
[SourceVersionDate "2019.10.17"]
[SourceQuality "1"]

1. d4 d5 2. Nf3 Nf6 3. e3 Bg4 4. Bd3 e6 5. Nbd2 c5 6. b3 cxd4 7. exd4 Nc6 8. Bb2 Bd6 9. 0-0 Qc7 10. h3 Bh5 11. c4 Bg6 12. Bxg6 hxg6 13. Qe2 Rh5 14. a3 Bf4 15. Rfe1 Rd8 16. c5 Kf8 17. b4 a6 18. Nf1 Ne4 19. g3 Rxh3 20. gxf4 Qxf4 21. N3h2 Ke7 22. f3 Ng3 23. Qg2 Rdh8 24. Bc1 Qh4 25. Be3 Nxd4 26. Rad1 Ndf5 27. Bf2 Qf4 28. Ne3 Nxe3 29. Bxe3 Qc4 30. Ng4 f5 31. Ne5 Rh1+ 32. Kf2 Qc2+ 33. Rd2 Qc3 34. Nxg6+ Kd7 35. Kxg3 Rxe1 36. Bd4 f4+ 37. Kg4 Qc1 38. Nxh8 e5 39. Rc2 Qb1 40. c6+ bxc6 41. Bc5 d4 42. Kf5 Rg1 43. Qd2 Qb3 44. Bxd4 Qe6+ 45. Ke4 Qd5+ 46. Kd3 Qxf3+ 47. Kc4 Qd5+ 48. Kc3 exd4+ 49. Kb2 Rg3 50. Kc1 Rxa3 51. Qxf4 Ra1+ 52. Kd2 Qg2+ 53. Kd3 0-1

[Event "Pardubice Czech op-C 30th"]
[Site "Pardubice"]
[Date "2019.07.22"]
[Round "3"]
[White "Zurkowski, Andrzej"]
[Black "Rubes, Zdenek"]
[Result "1-0"]
[WhiteElo "2065"]
[BlackElo "1816"]
[PlyCount "91"]
[EventDate "2019.07.20"]
[EventType "swiss"]
[EventRounds "9"]
[EventCountry "CZE"]
[SourceTitle "EXT 2020"]
[Source "ChessBase"]
[SourceDate "2019.10.17"]
[SourceVersion "1"]
[SourceVersionDate "2019.10.17"]
[SourceQuality "1"]

1. d4 Nf6 2. c4 g6 3. Nc3 Bg7 4. e4 d6 5. f3 0-0 6. Be3 Nbd7 7. Qd2 c5 8. d5 a6 9. g4 Rb8 10. Bh6 Ne5 11. h4 Qa5 12. h5 b5 13. Bxg7 Kxg7 14. hxg6 fxg6 15. cxb5 axb5 16. Be2 Rf7 17. Nh3 b4 18. Nd1 Kg8 19. Ng5 Rg7 20. Ne3 Ba6 21. Ne6 Bxe2 22. Qxe2 b3+ 23. Kf2 Rf7 24. Kg3 bxa2 25. Nd1 Qb4 26. Rxa2 Nxd5 27. Ra3 Nf6 28. Ng5 Rg7 29. Ne3 Nf7 30. Nh3 h5 31. g5 Nd7 32. Nd5 Qxb2 33. Nxe7+ Kh7 34. Qxb2 Rxb2 35. Nd5 Nfe5 36. f4 Ng4 37. f5 gxf5 38. exf5 Rd2 39. g6+ Kh6 40. Ra8 Rd3+ 41. Kh4 Ngf6 42. Rh8+ Nh7 43. Nhf4 Ra3 44. Nxh5 Ra4+ 45. Nhf4 Ne5 46. Kg3+ 1-0

[Event "Pardubice Czech op-C 30th"]
[Site "Pardubice"]
[Date "2019.07.21"]
[Round "2"]
[White "Wagner, Swenja"]
[Black "Zurkowski, Andrzej"]
[Result "0-1"]
[WhiteElo "1746"]
[BlackElo "2065"]
[PlyCount "44"]
[EventDate "2019.07.20"]
[EventType "swiss"]
[EventRounds "9"]
[EventCountry "CZE"]
[SourceTitle "EXT 2020"]
[Source "ChessBase"]
[SourceDate "2019.10.17"]
[SourceVersion "1"]
[SourceVersionDate "2019.10.17"]
[SourceQuality "1"]

1. e4 d6 2. Nc3 g6 3. d4 Bg7 4. Be3 Nd7 5. f4 e5 6. fxe5 dxe5 7. Nf3 Ngf6 8. h3 exd4 9. Bxd4 0-0 10. Bd3 c5 11. Be3 Qe7 12. Qe2 Nh5 13. Nd5 Qd6 14. g4 Ng3 15. Qh2 Ne5 16. Nd2 Nxh1 17. Ke2 c4 18. Bf4 cxd3+ 19. cxd3 f6 20. Rxh1 Be6 21. Nc4 Qd8 22. Nce3 Rc8 0-1

[Event "POL-chT 2nd League"]
[Site "Jastrzebia Gora"]
[Date "2018.09.02"]
[Round "2.11"]
[White "Zurkowski, Andrzej"]
[Black "Klimkowski, Jan"]
[Result "1-0"]
[WhiteElo "2048"]
[BlackElo "1887"]
[PlyCount "33"]
[EventDate "2018.09.01"]
[EventType "team-swiss"]
[EventRounds "9"]
[EventCountry "POL"]
[SourceTitle "CBM 186 Extra"]
[Source "ChessBase"]
[SourceDate "2018.08.24"]
[SourceVersion "1"]
[SourceVersionDate "2018.08.24"]
[SourceQuality "1"]
[WhiteTeam "Debica Gryf"]
[BlackTeam "Konin UKS Smecz"]
[WhiteTeamCountry "POL"]
[BlackTeamCountry "POL"]

1. Nf3 c5 2. c4 Nc6 3. Nc3 g6 4. g3 Bg7 5. Bg2 e5 6. 0-0 Nge7 7. e4 d6 8. h3 0-0 9. d3 f5 10. Nd5 Rb8 11. Bd2 b5 12. b3 f4 13. gxf4 exf4 14. Nxf4 Bxa1 15. Qxa1 Qc7 16. Nd5 Rxf3 17. Nxc7 1-0

[Event "POL-chT 2nd League"]
[Site "Szklarska Poreba"]
[Date "2017.09.05"]
[Round "4.7"]
[White "Korcz, Daniel"]
[Black "Zurkowski, Andrzej"]
[Result "0-1"]
[WhiteElo "1790"]
[BlackElo "2048"]
[PlyCount "94"]
[EventDate "2017.09.02"]
[EventType "team-swiss"]
[EventRounds "9"]
[EventCountry "POL"]
[SourceTitle "CBM 180 Extra"]
[Source "ChessBase"]
[SourceDate "2017.10.06"]
[SourceVersion "1"]
[SourceVersionDate "2017.10.06"]
[SourceQuality "1"]
[WhiteTeam "Jaworzno"]
[BlackTeam "Debica Gryf"]
[WhiteTeamCountry "POL"]
[BlackTeamCountry "POL"]

1. e4 c5 2. Nf3 Nc6 3. d4 cxd4 4. Nxd4 Nf6 5. Nc3 d6 6. Be2 e5 7. Nb3 Be6 8. Be3 Be7 9. 0-0 d5 10. exd5 Nxd5 11. Nxd5 Bxd5 12. c3 0-0 13. Qd3 Be6 14. Qb5 Qc7 15. Nc5 Bc8 16. Rad1 a6 17. Qa4 Bf5 18. Bd3 Bxd3 19. Rxd3 Rfd8 20. Rfd1 Rxd3 21. Rxd3 Bxc5 22. Bxc5 Rd8 23. Qd1 Rxd3 24. Qxd3 Qd8 25. Qxd8+ Nxd8 26. Kf1 f6 27. Ke2 Kf7 28. Kd3 Ke6 29. Bf8 g5 30. Kc4 Kd7 31. Bc5 Ne6 32. g3 g4 33. Be3 Kc6 34. a4 f5 35. b4 b5+ 36. axb5+ axb5+ 37. Kd3 Kd5 38. c4+ bxc4+ 39. Kc3 Nd4 40. Bh6 Nb5+ 41. Kd2 Ke4 42. Ke2 c3 43. Be3 f4 44. gxf4 exf4 45. Bc5 h5 46. Bf8 Nd4+ 47. Kd1 Ke5 0-1

[Event "POL-chT 2nd League"]
[Site "Jastrzebia Gora"]
[Date "2016.09.08"]
[Round "6.77"]
[White "Zurkowski, Andrzej"]
[Black "Orlowski, Miroslaw"]
[Result "1-0"]
[WhiteElo "2073"]
[BlackElo "1437"]
[PlyCount "81"]
[EventDate "2016.09.03"]
[EventType "team-swiss"]
[EventRounds "9"]
[EventCountry "POL"]
[SourceTitle "EXT 2017"]
[Source "ChessBase"]
[SourceDate "2016.10.25"]
[SourceVersion "1"]
[SourceVersionDate "2016.10.25"]
[SourceQuality "1"]
[WhiteTeam "Debica Gryf"]
[BlackTeam "Ostroda Ostrodzianka"]
[WhiteTeamCountry "POL"]
[BlackTeamCountry "POL"]

1. b3 Nc6 2. e3 e5 3. Bb2 d6 4. d4 Bf5 5. Bb5 Bd7 6. dxe5 Nxe5 7. Bxd7+ Nxd7 8. Nf3 Ngf6 9. c4 Be7 10. Nc3 c6 11. g4 Nc5 12. g5 Nfd7 13. b4 Ne6 14. Ne4 Qc7 15. Nd4 d5 16. Nxe6 fxe6 17. Bxg7 0-0-0 18. Bxh8 Rxh8 19. cxd5 exd5 20. Qd4 Rf8 21. Nc3 Kb8 22. f4 Re8 23. Rc1 Qb6 24. Qxb6 Nxb6 25. Kf2 Bxb4 26. Rhe1 Nd7 27. Re2 Nc5 28. Kf3 Bxc3 29. Rxc3 Ne4 30. Rb3 Rf8 31. h4 Rg8 32. f5 Kc7 33. Kf4 b6 34. Rg2 Kd6 35. h5 Ke7 36. h6 Kf7 37. Rb1 Nc5 38. Ke5 Ne4 39. g6+ hxg6 40. fxg6+ Rxg6 41. Rf1+ 1-0

[Event "POL-chT 2nd League"]
[Site "Jastrzebia Gora"]
[Date "2016.09.04"]
[Round "2.94"]
[White "Koziol, Pawel"]
[Black "Zurkowski, Andrzej"]
[Result "1/2-1/2"]
[WhiteElo "1855"]
[BlackElo "2073"]
[PlyCount "56"]
[EventDate "2016.09.03"]
[EventType "team-swiss"]
[EventRounds "9"]
[EventCountry "POL"]
[SourceTitle "EXT 2017"]
[Source "ChessBase"]
[SourceDate "2016.10.25"]
[SourceVersion "1"]
[SourceVersionDate "2016.10.25"]
[SourceQuality "1"]
[WhiteTeam "Skoczek Trojanski"]
[BlackTeam "Debica Gryf"]
[WhiteTeamCountry "POL"]
[BlackTeamCountry "POL"]

1. Nf3 d5 2. g3 c6 3. Bg2 Nf6 4. 0-0 Bf5 5. d3 Nbd7 6. Nbd2 e5 7. Qe1 Bc5 8. e4 dxe4 9. dxe4 Bg6 10. Nh4 Qc7 11. Nb3 Be7 12. Bg5 Ng8 13. Bxe7 Nxe7 14. a4 0-0 15. Qe2 f6 16. Nxg6 Nxg6 17. h4 Rfe8 18. Bh3 Ndf8 19. Qc4+ Qf7 20. Na5 Re7 21. Rfd1 Rc7 22. Rd2 b6 23. Qxf7+ Kxf7 24. Nc4 Ke7 25. Nd6 Nh8 26. Nf5+ Ke8 27. Nd6+ Ke7 28. Nf5+ Ke8 1/2-1/2

[Event "Warsaw YMCA Winter-A 163rd"]
[Site "Warsaw"]
[Date "2016.02.18"]
[Round "6"]
[White "Zurkowski, Andrzej"]
[Black "Delega, Tomasz"]
[Result "1-0"]
[WhiteElo "2101"]
[BlackElo "2031"]
[PlyCount "51"]
[EventDate "2016.01.08"]
[EventType "tourn"]
[EventRounds "13"]
[EventCountry "POL"]
[SourceTitle "EXT 2018"]
[Source "ChessBase"]
[SourceDate "2017.10.13"]
[SourceVersion "1"]
[SourceVersionDate "2017.10.13"]
[SourceQuality "1"]

1. d4 e6 2. Nf3 b6 3. g3 Bb7 4. Bg2 c5 5. 0-0 cxd4 6. Qxd4 Nf6 7. Nc3 Bc5 8. Qh4 d5 9. Rd1 Qe7 10. Ne5 0-0 11. Nd3 a6 12. Bg5 Nbd7 13. e4 d4 14. e5 Bxg2 15. Kxg2 Nxe5 16. Nxe5 Qb7+ 17. f3 dxc3 18. Bxf6 gxf6 19. Rd7 cxb2 20. Rad1 Qc8 21. Qg4+ Kh8 22. Rxf7 Rg8 23. Rxh7+ Kxh7 24. Qh5+ Kg7 25. Qg6+ Kf8 26. Qf7# 1-0

[Event "Warsaw YMCA Winter-A 163rd"]
[Site "Warsaw"]
[Date "2016.02.03"]
[Round "5"]
[White "Szymczak, Rafal"]
[Black "Zurkowski, Andrzej"]
[Result "1/2-1/2"]
[WhiteElo "2029"]
[BlackElo "2101"]
[PlyCount "25"]
[EventDate "2016.01.08"]
[EventType "tourn"]
[EventRounds "13"]
[EventCountry "POL"]
[SourceTitle "EXT 2018"]
[Source "ChessBase"]
[SourceDate "2017.10.13"]
[SourceVersion "1"]
[SourceVersionDate "2017.10.13"]
[SourceQuality "1"]

1. f4 d5 2. Nf3 Nf6 3. g3 g6 4. Bg2 Bg7 5. d3 0-0 6. 0-0 Nfd7 7. c3 e5 8. fxe5 Nxe5 9. Nxe5 Bxe5 10. d4 Bg7 11. e4 dxe4 12. Bxe4 c6 13. Bg2 1/2-1/2

[Event "Warsaw YMCA Winter-A 163rd"]
[Site "Warsaw"]
[Date "2016.01.08"]
[Round "1"]
[White "Sielicki, Tomasz"]
[Black "Zurkowski, Andrzej"]
[Result "0-1"]
[WhiteElo "1975"]
[BlackElo "2101"]
[PlyCount "102"]
[EventDate "2016.01.08"]
[EventType "tourn"]
[EventRounds "13"]
[EventCountry "POL"]
[SourceTitle "EXT 2018"]
[Source "ChessBase"]
[SourceDate "2017.10.13"]
[SourceVersion "1"]
[SourceVersionDate "2017.10.13"]
[SourceQuality "1"]

1. d4 c5 2. d5 Nf6 3. Bg5 e6 4. e4 d6 5. Nc3 Be7 6. Bb5+ Bd7 7. dxe6 fxe6 8. e5 dxe5 9. Qe2 a6 10. Bxd7+ Nfxd7 11. Qh5+ g6 12. Bxe7 Qxe7 13. Qh6 Nc6 14. 0-0-0 0-0-0 15. Nf3 Nd4 16. Qg5 Qg7 17. Nd2 Rhf8 18. Qe3 Nb6 19. Nce4 Qc7 20. c3 Nd5 21. Qe1 Nf4 22. Kb1 Nf5 23. g4 Nd6 24. Qe3 c4 25. Nxd6+ Rxd6 26. Qxe5 Nd3 27. Qe3 Nxf2 28. Rdf1 Qc6 29. Rhg1 Rd3 30. Qe2 Qd5 31. Ne4 Qe5 32. Rg2 Rf4 33. Rgxf2 Rxe4 34. Rf8+ Kc7 35. Qf2 Re2 36. Qg1 Rde3 37. R8f7+ Kc6 38. Qh1+ Kc5 39. Qg1 Qe4+ 40. Ka1 Rg2 41. Qh1 Ree2 42. Rb1 Kb6 43. Qd1 Rd2 44. Qf1 Ka7 45. Rxh7 Rdf2 46. Qd1 Rd2 47. Qf1 Qxg4 48. Rc7 Rde2 49. Qf8 Qf5 50. Qc8 Qxb1+ 51. Kxb1 Rg1# 0-1

[Event "POL-chT 2nd League"]
[Site "Jastrzebia Gora"]
[Date "2015.09.13"]
[Round "9.46"]
[White "Wolynski, Krzysztof"]
[Black "Zurkowski, Andrzej"]
[Result "1/2-1/2"]
[WhiteElo "2061"]
[BlackElo "2086"]
[PlyCount "80"]
[EventDate "2015.09.05"]
[EventType "team-swiss"]
[EventRounds "9"]
[EventCountry "POL"]
[SourceTitle "EXT 2017"]
[Source "ChessBase"]
[SourceDate "2016.10.25"]
[SourceVersion "1"]
[SourceVersionDate "2016.10.25"]
[SourceQuality "1"]
[WhiteTeam "Rybnik MKSz"]
[BlackTeam "Debica Gryf"]
[WhiteTeamCountry "POL"]
[BlackTeamCountry "POL"]

1. c4 c5 2. Nf3 Nc6 3. g3 g6 4. Bg2 Bg7 5. 0-0 d6 6. Nc3 e5 7. d3 Nge7 8. e4 0-0 9. a3 Bg4 10. Be3 Nd4 11. Bxd4 exd4 12. Nd5 Nxd5 13. exd5 Bxf3 14. Bxf3 h5 15. b4 b6 16. Re1 Qd7 17. Ra2 Rfe8 18. Rae2 Rxe2 19. Qxe2 Kf8 20. Kg2 Re8 21. Qxe8+ Qxe8 22. Rxe8+ Kxe8 23. Bd1 Ke7 24. Kf3 Bh6 25. b5 Bc1 26. a4 Bh6 27. Ke4 f5+ 28. Kf3 Kf6 29. Kg2 Ke5 30. f4+ Kf6 31. h4 Ke7 32. Bf3 Bg7 33. Kf2 Bf6 34. Bd1 Kf7 35. Bf3 Ke7 36. Bd1 Kd7 37. Bf3 Bg7 38. Bd1 Bh6 39. Bf3 Ke8 40. Bd1 Kf7 1/2-1/2

[Event "Warsaw YMCA Autumn-A 147th"]
[Site "Warsaw"]
[Date "2014.11.21"]
[Round "10"]
[White "Chomczyk, Marek"]
[Black "Zurkowski, Andrzej"]
[Result "1/2-1/2"]
[WhiteElo "2055"]
[BlackElo "2084"]
[PlyCount "103"]
[EventDate "2014.09.19"]
[EventType "tourn"]
[EventRounds "11"]
[EventCountry "POL"]
[SourceTitle "EXT 2018"]
[Source "ChessBase"]
[SourceDate "2017.10.13"]
[SourceVersion "1"]
[SourceVersionDate "2017.10.13"]
[SourceQuality "1"]

1. d4 Nf6 2. c4 c5 3. d5 b5 4. cxb5 a6 5. b6 Bb7 6. Nc3 e6 7. e4 exd5 8. exd5 d6 9. a4 Qxb6 10. a5 Qc7 11. Nf3 Be7 12. Bc4 0-0 13. 0-0 Nbd7 14. Re1 Ne5 15. b3 Rfe8 16. Bb2 Nfd7 17. Ne4 Bf8 18. Nxe5 Nxe5 19. f4 Nxc4 20. bxc4 Qd7 21. Qb3 f6 22. h3 Kh8 23. Ng3 Rab8 24. Qc3 Qf7 25. f5 Rbd8 26. Rxe8 Rxe8 27. Re1 Bc8 28. Re3 Bd7 29. Qe1 Rb8 30. Bc3 Re8 31. Rxe8 Qxe8 32. Qd2 Qb8 33. Qc2 Kg8 34. Kf2 Kf7 35. Qd1 Kg8 36. Kf3 Kf7 37. Kf2 Kg8 38. h4 Qb7 39. h5 h6 40. Qg4 Be7 41. Qd1 Kf7 42. Ke3 Bc8 43. Kf4 Bd8 44. Ne4 Qd7 45. Qg4 Kf8 46. Qg6 Qe7 47. Kf3 Bd7 48. Qg4 Ba4 49. Qf4 Bc7 50. Qc1 Qe8 51. g4 Kf7 52. Qb1 1/2-1/2

[Event "Warsaw YMCA Autumn-A 147th"]
[Site "Warsaw"]
[Date "2014.11.07"]
[Round "8"]
[White "Choroszej, Aleksander"]
[Black "Zurkowski, Andrzej"]
[Result "1/2-1/2"]
[WhiteElo "2082"]
[BlackElo "2084"]
[PlyCount "32"]
[EventDate "2014.09.19"]
[EventType "tourn"]
[EventRounds "11"]
[EventCountry "POL"]
[SourceTitle "EXT 2018"]
[Source "ChessBase"]
[SourceDate "2017.10.13"]
[SourceVersion "1"]
[SourceVersionDate "2017.10.13"]
[SourceQuality "1"]

1. d4 Nf6 2. c4 e6 3. Nc3 b6 4. Nf3 Bb7 5. a3 Be7 6. g3 0-0 7. Bg2 d5 8. Ne5 Nbd7 9. Nxd7 Qxd7 10. 0-0 h6 11. cxd5 exd5 12. Bf4 Rfe8 13. Re1 Bd6 14. Bxd6 Qxd6 15. Qd3 a6 16. Rac1 Re7 1/2-1/2

[Event "Warsaw YMCA Autumn-A 147th"]
[Site "Warsaw"]
[Date "2014.10.29"]
[Round "7"]
[White "Zurkowski, Andrzej"]
[Black "Liberadzki, Slawomir"]
[Result "1/2-1/2"]
[WhiteElo "2084"]
[BlackElo "2057"]
[PlyCount "83"]
[EventDate "2014.09.19"]
[EventType "tourn"]
[EventRounds "11"]
[EventCountry "POL"]
[SourceTitle "EXT 2018"]
[Source "ChessBase"]
[SourceDate "2017.10.13"]
[SourceVersion "1"]
[SourceVersionDate "2017.10.13"]
[SourceQuality "1"]

1. d4 d5 2. Nf3 Nf6 3. g3 e6 4. Bg2 b5 5. 0-0 Bb7 6. a4 b4 7. Nfd2 c5 8. c3 cxd4 9. cxd4 Be7 10. a5 a6 11. Nb3 Nc6 12. Bf4 0-0 13. N1d2 Rc8 14. e3 h6 15. h4 Nd7 16. e4 Na7 17. e5 Bc6 18. Qg4 Kh7 19. Be3 Bb5 20. Rfc1 Rxc1+ 21. Rxc1 Nb8 22. f4 f5 23. exf6 Rxf6 24. Qf3 Nbc6 25. g4 Rf8 26. g5 Bd3 27. Bh3 Bf5 28. Bxf5+ Rxf5 29. Qe2 Qe8 30. Nf1 Bd6 31. Ng3 Rf8 32. Rf1 Nb5 33. Qc2+ Kh8 34. Kg2 Ne7 35. h5 Nf5 36. Nxf5 Rxf5 37. Qe2 hxg5 38. fxg5 Rxf1 39. Kxf1 Qf7+ 40. Kg2 Qf5 41. Qf3 Qxf3+ 42. Kxf3 1/2-1/2

[Event "Warsaw YMCA Autumn-A 147th"]
[Site "Warsaw"]
[Date "2014.10.17"]
[Round "5"]
[White "Delega, Tomasz"]
[Black "Zurkowski, Andrzej"]
[Result "1/2-1/2"]
[WhiteElo "2090"]
[BlackElo "2084"]
[PlyCount "164"]
[EventDate "2014.09.19"]
[EventType "tourn"]
[EventRounds "11"]
[EventCountry "POL"]
[SourceTitle "EXT 2018"]
[Source "ChessBase"]
[SourceDate "2017.10.13"]
[SourceVersion "1"]
[SourceVersionDate "2017.10.13"]
[SourceQuality "1"]

1. Nf3 c5 2. e4 e6 3. Nc3 Nc6 4. Bb5 Nge7 5. 0-0 a6 6. Bxc6 Nxc6 7. d4 cxd4 8. Nxd4 Qc7 9. Nxc6 dxc6 10. f4 Bc5+ 11. Kh1 Bd7 12. Qh5 Be7 13. Be3 c5 14. a4 g6 15. Qh6 0-0-0 16. Rfd1 Bc6 17. Rxd8+ Rxd8 18. Qg7 Rf8 19. Rd1 h5 20. f5 exf5 21. exf5 h4 22. Qh6 Qe5 23. Qf4 Qxf4 24. Bxf4 g5 25. Be3 Rd8 26. Rxd8+ Kxd8 27. Kg1 f6 28. Kf2 b5 29. axb5 axb5 30. g4 hxg3+ 31. hxg3 b4 32. Ne2 Be4 33. c3 Bxf5 34. cxb4 cxb4 35. Nd4 Bd7 36. Ke2 Bd6 37. Bf2 Ke7 38. Kd3 Be6 39. Nb5 Be5 40. Be1 b3 41. Nd4 Bd5 42. Bc3 Kf7 43. g4 Be6 44. Bb4 Bxd4 45. Kxd4 Bxg4 46. Ke3 f5 47. Kf2 Ke6 48. Bc5 f4 49. Bd4 Kf5 50. Bc3 Bd1 51. Ke1 Bc2 52. Kf2 Ke4 53. Ba5 g4 54. Bb6 Bd3 55. Ba7 g3+ 56. Kg2 Kf5 57. Kh3 Kg5 58. Kg2 Kg4 59. Bc5 f3+ 60. Kg1 f2+ 61. Bxf2 gxf2+ 62. Kxf2 Kf4 63. Ke1 Ke3 64. Kd1 Bf5 65. Kc1 Kf2 66. Kd2 Kf1 67. Kd1 Bb1 68. Kd2 Kf2 69. Kd1 Ke3 70. Kc1 Ba2 71. Kd1 Bb1 72. Kc1 Be4 73. Kd1 Bd3 74. Kc1 Kd4 75. Kd2 Bh7 76. Kc1 Ke3 77. Kd1 Bg6 78. Kc1 Bf5 79. Kd1 Bb1 80. Kc1 Ba2 81. Kd1 Kd3 82. Kc1 Ke2 1/2-1/2

[Event "Warsaw YMCA Autumn-A 147th"]
[Site "Warsaw"]
[Date "2014.10.14"]
[Round "1"]
[White "Rozycki, Bartlomiej"]
[Black "Zurkowski, Andrzej"]
[Result "1/2-1/2"]
[WhiteElo "2055"]
[BlackElo "2084"]
[PlyCount "101"]
[EventDate "2014.09.19"]
[EventType "tourn"]
[EventRounds "11"]
[EventCountry "POL"]
[SourceTitle "EXT 2018"]
[Source "ChessBase"]
[SourceDate "2017.10.13"]
[SourceVersion "1"]
[SourceVersionDate "2017.10.13"]
[SourceQuality "1"]

1. d4 Nf6 2. c4 e6 3. Nf3 b6 4. g3 Bb7 5. Bg2 Be7 6. 0-0 d6 7. Re1 Nbd7 8. Qc2 0-0 9. e4 e5 10. Nc3 Re8 11. b3 Bf8 12. Bb2 c5 13. dxe5 dxe5 14. Rad1 Qc7 15. Nd5 Nxd5 16. exd5 f6 17. Bh3 Bd6 18. Be6+ Kh8 19. Bf5 Nf8 20. Qe4 Qf7 21. Qh4 Bc8 22. Bb1 Bd7 23. Nd2 Rad8 24. Ne4 Bb8 25. g4 g5 26. Qh6 Ng6 27. Rd3 Qg7 28. Qxg7+ Kxg7 29. h3 Nf4 30. Rg3 h5 31. Bc1 Rh8 32. Bxf4 exf4 33. Rg2 hxg4 34. hxg4 Rh4 35. f3 Be5 36. Rh2 Rdh8 37. Rxh4 Rxh4 38. Kg2 Rh8 39. Nxg5 Re8 40. Ne4 Bd4 41. Bd3 f5 42. gxf5 Bxf5 43. Rh1 Rg8 44. Kf1 Kf8 45. Rh5 Rg1+ 46. Ke2 Rg2+ 47. Kd1 Bg6 48. Rh4 Rg1+ 49. Ke2 Rg2+ 50. Kf1 Rg1+ 51. Ke2 1/2-1/2

[Event "Warsaw YMCA Autumn-A 147th"]
[Site "Warsaw"]
[Date "2014.10.10"]
[Round "4"]
[White "Zurkowski, Andrzej"]
[Black "Maj, Pawel1111"]
[Result "1/2-1/2"]
[WhiteElo "2084"]
[BlackElo "2005"]
[PlyCount "89"]
[EventDate "2014.09.19"]
[EventType "tourn"]
[EventRounds "11"]
[EventCountry "POL"]
[SourceTitle "EXT 2018"]
[Source "ChessBase"]
[SourceDate "2017.10.13"]
[SourceVersion "1"]
[SourceVersionDate "2017.10.13"]
[SourceQuality "1"]

1. d4 Nf6 2. c4 e5 3. dxe5 Ng4 4. Nf3 Bc5 5. e3 Nc6 6. Nc3 Ngxe5 7. Nxe5 Nxe5 8. a3 a5 9. Rb1 d6 10. b4 Ba7 11. Be2 0-0 12. 0-0 Be6 13. Qb3 axb4 14. axb4 Qh4 15. Nd5 Bxd5 16. cxd5 f5 17. Bb2 Rae8 18. Rbd1 f4 19. Bxe5 Rxe5 20. Qc4 Qe7 21. Kh1 Re4 22. Qb5 fxe3 23. fxe3 Bxe3 24. Rxf8+ Qxf8 25. Qxb7 Bb6 26. Rf1 Qe8 27. Bd3 Re1 28. Qa6 Rxf1+ 29. Bxf1 Qe3 30. Qc8+ Kf7 31. Qd7+ Kf6 32. Qe6+ Qxe6 33. dxe6 Kxe6 34. g4 Ke5 35. Kg2 Kf4 36. Be2 d5 37. Kf1 Bd4 38. b5 Bc3 39. Kf2 Bd4+ 40. Ke1 Ke3 41. h4 g6 42. h5 g5 43. Kd1 Bg7 44. Bf1 d4 45. Bc4 1/2-1/2

[Event "POL-chT 2nd League"]
[Site "Szczyrk"]
[Date "2014.09.10"]
[Round "5.29"]
[White "Zurkowski, Andrzej"]
[Black "Delega, Tomasz"]
[Result "1-0"]
[WhiteElo "2084"]
[BlackElo "2090"]
[PlyCount "101"]
[EventDate "2014.09.06"]
[EventType "team-swiss"]
[EventRounds "9"]
[EventCountry "POL"]
[SourceTitle "EXT 2015"]
[Source "ChessBase"]
[SourceDate "2014.11.20"]
[SourceVersion "1"]
[SourceVersionDate "2014.11.20"]
[SourceQuality "1"]
[WhiteTeam "Debica Gryf"]
[BlackTeam "Miedzyborow Wrzos"]
[WhiteTeamCountry "POL"]
[BlackTeamCountry "POL"]

1. Nf3 d5 2. d4 Nf6 3. g3 g6 4. Bg2 Bg7 5. 0-0 0-0 6. Nbd2 Nbd7 7. c4 c6 8. Qc2 dxc4 9. Nxc4 Nb6 10. Ncd2 Bd7 11. e4 Qc8 12. a4 Bh3 13. a5 Bxg2 14. Kxg2 Nbd7 15. Nc4 Nb8 16. Bd2 Na6 17. Rfe1 Nc7 18. Bb4 Re8 19. Rad1 Rb8 20. Nfe5 Nd7 21. f4 Nxe5 22. dxe5 Na6 23. Bc3 c5 24. Qa4 b5 25. axb6 axb6 26. Qb5 Nc7 27. Qc6 Na8 28. Qb5 Nc7 29. Qc6 Na8 30. Qxc8 Rexc8 31. Ne3 b5 32. Ba5 Bf8 33. Rd7 Rc6 34. Ra7 Nb6 35. Ra6 e6 36. Kf3 Kg7 37. Rd1 c4 38. Nc2 Bc5 39. Nd4 Rcc8 40. Nxb5 Na4 41. Nd6 Rb3+ 42. Kg2 Rxb2+ 43. Kh3 Rcb8 44. Bc7 R8b4 45. Bd8 Bxd6 46. Bf6+ Kh6 47. exd6 c3 48. d7 c2 49. d8Q cxd1Q 50. Qxd1 Rb1 51. Qg4 1-0

[Event "POL-chT 2nd League"]
[Site "Szczyrk"]
[Date "2014.09.08"]
[Round "3.71"]
[White "Zurkowski, Andrzej"]
[Black "Krasiewicz, Robert"]
[Result "0-1"]
[WhiteElo "2084"]
[BlackElo "1990"]
[PlyCount "117"]
[EventDate "2014.09.06"]
[EventType "team-swiss"]
[EventRounds "9"]
[EventCountry "POL"]
[SourceTitle "EXT 2015"]
[Source "ChessBase"]
[SourceDate "2014.11.20"]
[SourceVersion "1"]
[SourceVersionDate "2014.11.20"]
[SourceQuality "1"]
[WhiteTeam "Debica Gryf"]
[BlackTeam "Zielonka Zieloni"]
[WhiteTeamCountry "POL"]
[BlackTeamCountry "POL"]

1. d4 d5 2. Nf3 Nf6 3. c4 e6 4. Nc3 Bb4 5. e3 0-0 6. Bd3 dxc4 7. Bxc4 c5 8. 0-0 cxd4 9. exd4 a6 10. Bg5 b5 11. Bb3 Bb7 12. Qe2 Be7 13. Rfe1 Nbd7 14. Rad1 b4 15. d5 e5 16. Nb1 Bd6 17. Nbd2 Nc5 18. Nxe5 Nxb3 19. axb3 Bxe5 20. Qxe5 Qxd5 21. Qg3 Nh5 22. Qg4 f5 23. Qh3 Rae8 24. Nf1 Qf7 25. Qh4 a5 26. Be7 Qg6 27. Ng3 Nxg3 28. hxg3 Rf7 29. Re5 Qc6 30. f3 Rfxe7 31. Rxf5 Re1+ 32. Rxe1 Rxe1+ 33. Kh2 Qc7 34. Qg5 Re6 35. Rxa5 Qb6 36. Qc5 Qxc5 37. Rxc5 Rb6 38. Kg1 Kf7 39. Kf2 Kf6 40. Ke3 Ba6 41. g4 Re6+ 42. Kd4 Bf1 43. Rf5+ Ke7 44. Kc5 Bxg2 45. Kxb4 Re3 46. Rh5 Bxf3 47. Rxh7 Kf6 48. Kc4 Be2+ 49. Kb4 Bd1 50. Rh2 Bxb3 51. Rh5 Be6 52. Ka4 Bxg4 53. Rd5 Be6 54. Rd6 Ke5 55. Rb6 g5 56. b4 g4 57. Rb7 g3 58. b5 g2 59. Rg7 0-1